Tilastot visalle Sanat - "Raatteen tie" - Korsuorkesteri

Klikkaa tästä pelataksesi tätä visaa!

Yleistilastot

  • Tätä visaa on pelattu 25 kertaa
  • Keskiarvotulos 110 / 165

Vastaustilastot

Vastaus% Oikein
Raatteen
100%
oli
91%
sekä
91%
alkaa
86%
ei
86%
ja
86%
raja
86%
Suomi
86%
taas
86%
tästä
86%
kirjoitettu
82%
me
82%
puomi
82%
siihen
82%
tuli
82%
maa
77%
outo
77%
piippalakki
77%
sakki
77%
tääl
77%
asu
73%
kettää
73%
kutsumaton
73%
mettää
73%
päässään
73%
tämä
73%
vallataan
73%
ympärillä
73%
ilman
68%
kotiin
68%
kottiin
68%
viisumia
68%
EU
64%
hoitamaton
64%
lapaset
64%
on
64%
Ouluun
64%
Raatteentietä
64%
sukset
64%
Suomeen
64%
suuret
64%
unohtunut
64%
aseet
59%
enää
59%
ensin
59%
hiljaisuus
59%
jos
59%
kettään
59%
loppui
59%
pauhaa
59%
ponnistukset
59%
Raatteentielle
59%
rauha
59%
suotta
59%
suunniteltu
59%
taisteltu
59%
tulojuhlat
59%
vapaa
59%
alhaalla
55%
itkee
55%
korpi
55%
monta
55%
mut
55%
siitä
55%
suomalaiset
55%
talvitie
55%
umpihankeen
55%
vuotta
55%
lisäks
50%
maata
50%
mitä
50%
mottiin
50%
muistojaan
50%
myö
50%
nuo
50%
nyt
50%
ollaan
50%
pakkasessa
50%
poistaa
50%
sitten
50%
soittaa
50%
tähtiorkesteri
50%
tallusteltu
50%
tsuhnat
50%
umpijäässä
50%
vallattua
50%
päästään
45%
pittää
45%
taivas
45%
viimein
45%
jäätyi
41%
juhlimahan
41%
kaalisoppa
41%
kirkas
41%
lähettäiski
41%
pakkiin
41%
Aurinkokin
36%
huusi
36%
joku
36%
koko
36%
länteen
36%
laski
36%
pohjoistuuli
36%
vaivas
36%
jäätiin
32%
palannu
32%
dobrii
23%
stolisnaadaa
23%

Tulosjakauma

Persentiili vastausten määrän mukaan

Jokaisen tuloksen saaneiden osuus

Tuloshistoriasi

Et ole pelannut tätä visaa